Tổng tập nghiên cứu văn hóa, văn nghệ dân gian Quyển 2
Giới thiệu nghệ thuật trình diễn nghệ thuật biểu diễn âm nhạc thời Hùng Vương
Đã lưu trong:
| Tác giả chính: | |
|---|---|
| Định dạng: | Sách |
| Năm xuất bản: |
H.
Hội nhà văn
2016
|
| Chủ đề: | |
| Tags: |
Thêm thẻ
Không có thẻ, Hãy là người đầu tiên gắn thẻ bản ghi này!
|
| LEADER | 00742nam a2200169 4500 | ||
|---|---|---|---|
| 999 | |c 14152 |d 14152 | ||
| 082 | |a 398.09597 |b NG527KH | ||
| 100 | |a Nguyễn Khắc Xương | ||
| 245 | |a Tổng tập nghiên cứu văn hóa, văn nghệ dân gian |c Nguyễn Khắc Xương nghiên cứu, sưu tầm |n Quyển 2 | ||
| 260 | |a H. |b Hội nhà văn |c 2016 | ||
| 300 | |a 542tr. |c 21cm | ||
| 520 | |a Giới thiệu nghệ thuật trình diễn nghệ thuật biểu diễn âm nhạc thời Hùng Vương | ||
| 653 | |a Văn hóa dân gian | ||
| 653 | |a Việt Nam | ||
| 653 | |a Nghiên cứu | ||
| 942 | |2 ddc |c SH | ||
| 952 | |0 0 |1 0 |2 ddc |4 0 |6 398_095970000000000_NG527KH |7 0 |8 300 |9 111090 |a qbu |b qbu |c D2 |d 2017-07-02 |g 102000 |o 398.09597 NG527KH |p 12524.c1 |r 2017-07-02 |w 2017-07-02 |y SH | ||